000 00445nam a22001577a 4500
005 20240827125506.0
008 240827b |||||||| |||| 00| 0 eng d
041 _aEnglish
082 _a349 LAW
100 _lEnglish
245 _aThe Laws of South West Africa 1960
260 _aWindhoek:
_bBy Authority,
_c1960
300 _bxciii, 861 pages;
_c25 cm.
650 _aLegal practice
_bLaw
942 _cBK
_6ALISON_BN_VRIES
999 _c2861
_d2861